| 000 | 01728cam a22003734a 4500 | ||
|---|---|---|---|
| 001 | 15504378 | ||
| 005 | 20090821124442.0 | ||
| 008 | 081028s2010 paua bf 001 0 eng | ||
| 010 | _a 2008047382 | ||
| 016 | 7 |
_a101487809 _2DNLM |
|
| 020 | _a9780781774086 | ||
| 020 | _a078177408X | ||
| 035 | _a(OCoLC)ocn265658334 | ||
| 040 |
_aDNLM/DLC _cDLC _dBTCTA _dBAKER _dYDXCP _dNLM _dCOU _dC#P _dDLC |
||
| 042 | _apcc | ||
| 050 | 0 | 0 |
_aRT51 _b.A6255 2010 |
| 060 | 1 | 0 |
_aWY 100 _bA385a 2010 |
| 082 | 0 | 0 |
_a610.73 _222 _bALF |
| 100 | 1 |
_aAlfaro-LeFevre, Rosalinda. _912241 |
|
| 245 | 1 | 0 |
_aApplying nursing process : _ba tool for critical thinking / _cRosalinda Alfaro-LeFevre. |
| 250 | _a7th ed. | ||
| 260 |
_aPhiladelphia : _bWolters Kluwer Health/Lippincott, Williams & Wilkins, _cc2010. |
||
| 300 |
_axxvii, 277 p. : _bill. ; _c24 cm. |
||
| 500 | _aIncludes Index. | ||
| 504 | _aIncludes bibliographical references and index. | ||
| 505 | 0 | _aNursing process overview -- Assessment -- Diagnosis -- Planning -- Implementation -- Evaluation. | |
| 650 | 0 |
_aNursing _vHandbooks, manuals, etc. _912242 |
|
| 650 | 1 | 2 |
_aNursing Process. _912243 |
| 856 | 4 | 2 |
_3Publisher description _uhttp://www.loc.gov/catdir/enhancements/fy0916/2008047382-d.html |
| 856 | 4 | 1 |
_3Table of contents only _uhttp://www.loc.gov/catdir/enhancements/fy0916/2008047382-t.html |
| 942 |
_2ddc _cBB |
||
| 999 |
_c13581 _d13581 |
||